• AA.VV.

di Personal Name

Records bibliografici associati: 1

001 - CONTROL NUMBER

  • control field: 53689

003 - CONTROL NUMBER IDENTIFIER

  • control field: IT-RoPau

005 - DATE AND TIME OF LATEST TRANSACTION

  • control field: 20151203144046.0

008 - FIXED-LENGTH DATA ELEMENTS

  • fixed length control field: 151203|| aca||aabn | a|a d

040 ## - CATALOGING SOURCE

  • Original cataloging agency: IT-RoPau
  • Transcribing agency: IT-RoPau

100 ## - HEADING--PERSONAL NAME

  • Personal name: AA.VV.
  • Miscellaneous information: Codice regista SPICS: 12000

670 ## - SOURCE DATA FOUND

  • Source citation: Work cat.: (IT-RoPau)107812: AA.VV. Codice regista SPICS: 12000, MONTAGGIO PUBBLICITA' TV 33 MONTAGGIO PUBBLICITA' TV 33 (Rif. Codice opera principale : 77953)
CREDITS: SOCIETA' SAN PAOLO Via A.Severo, 58 - ROMA (RM) & PERIODICI SAN PAOLO SRL Via Giotto, 36 MILANO & CISF Via Giotto, 36 MILANO & EDIZIONI SAN PAOLO SRL,  Piazza Soncino, 5 CINISELLO BALSAMO (MI) -- ITALY